Normal view
MARC view
Entry Uniform Title
001 - CONTROL NUMBER
- control field: 25628
003 - CONTROL NUMBER IDENTIFIER
- control field: dpl
005 - DATE AND TIME OF LATEST TRANSACTION
- control field: 20110127111014.0
008 - FIXED-LENGTH DATA ELEMENTS
- fixed length control field: 110127|||a|||||| | ||| d
040 ## - CATALOGING SOURCE
- Original cataloging agency: dpl
- Transcribing agency: dpl
130 ## - HEADING--UNIFORM TITLE
- Uniform title: राष्ट्रभारती लोकोदय ग्रन्थमालाः ग्रन्थांक 1114; रवीन्द्र कालिया
670 ## - SOURCE DATA FOUND
- Source citation: Work cat.: (dpl)48271: चट्टोपाध्याय, शरतचन्द्र 23184, देवदास /, 2009
670 ## - SOURCE DATA FOUND
- Source citation: Work cat.: (dpl)48271: चट्टोपाध्याय, शरतचन्द्र 23184, देवदास /, 2009
